Právna úprava poistenia

Úprava poistenia v právnych normách. Normatívna úprava poistenia. Individuálne a sociálne poistenie. Verejné poistné právo. Súkromné poistné právo. Zmluvná forma individuálneho poistenia. Zákonná forma individuálneho poistenia.

Salvato in:
Dettagli Bibliografici
Autore principale: Fekete, Imrich
Natura: Capitolo di libro
Lingua:slovacco
Soggetti:
Tags: Aggiungi Tag
Nessun Tag, puoi essere il primo ad aggiungerne!!

MARC

LEADER 00000naa a2200000 4500
001 r025196
005 20230919112701.1
041 0 |a slo 
044 |a SK 
245 1 0 |a Právna úprava poistenia  |c Imrich Fekete 
520 |a Úprava poistenia v právnych normách. Normatívna úprava poistenia. Individuálne a sociálne poistenie. Verejné poistné právo. Súkromné poistné právo. Zmluvná forma individuálneho poistenia. Zákonná forma individuálneho poistenia. 
610 2 0 |a právo poistné 
610 2 0 |a normy právne 
610 2 0 |a poistenie 
610 2 0 |a úpravy právne 
610 2 0 |a poistenie sociálne 
610 2 0 |a poistenie súkromné 
610 2 0 |a poistenie zákonné 
610 2 0 |a poistenie zmluvné 
100 1 |a Fekete, Imrich